000 00665cam a2200241 4500
008 010823n2001 000 0 eng u
020 _a0750653604
035 _a(Sirsi) u114301
050 _a697
110 _aChartered Institution of Building Services Engineers
_92360
245 _aReference data : CIBSE guide C
260 _aOxford
_bButterworth-Heinemann,
_c2001
300 _a1v.
_fvarious pagings
_bill.
_c30cm.
350 _a100
490 _aCIBSE Guide
_vC
650 _aBlock management
_96220
650 _aHEATING
650 _aVENTILATION
650 _aWATER SYSTEMS
650 _aPOWER
690 _aBlock management
_96220
942 _n0
999 _c101606
_d101606